书目信息 |
| 题名: |
现代大型建筑结构简化分析方法与应用
|
|
| 作者: | 李从林 , 孙建琴 著 | |
| 分册: | ||
| 出版信息: | 北京 科学出版社 2019 |
|
| 页数: | 308页 | |
| 开本: | 25cm | |
| 丛书名: | ||
| 单 册: | ||
| 中图分类: | TU31 | |
| 科图分类: | ||
| 主题词: | 大型建设项目--da xing jian she xiang mu--建筑结构--结构分析--简化--分析方法 | |
| 电子资源: | ||
| ISBN: | 978-7-03-060630-3 | |
| 000 | 01011nam0 2200265 450 | |
| 001 | 012001003355 | |
| 005 | 20140130110306.0 | |
| 010 | @a978-7-03-060630-3@dCNY130.00 | |
| 099 | @aCAL 012019048515 | |
| 100 | @a20190404d2019 em y0chiy50 ea | |
| 101 | 0 | @achi |
| 102 | @aCN@b110000 | |
| 105 | @aak a 000yy | |
| 106 | @ar | |
| 200 | 1 | @a现代大型建筑结构简化分析方法与应用@Axian dai da xing jian zhu jie gou jian hua fen xi fang fa yu ying yong@f李从林, 孙建琴著 |
| 210 | @a北京@c科学出版社@d2019 | |
| 215 | @a308页@c图@d25cm | |
| 320 | @a有书目 | |
| 330 | @a本书论述现代大型建筑结构简化分析方法及其在不同结构分析中的应用, 全书共10章, 主要内容包括: 绪论 ; 连续-离散化方法 ; 越级单元方法 ; 解析超级单元方法在大型复杂建筑结构中的应用等。 | |
| 606 | 0 | @a大型建设项目@Ada xing jian she xiang mu@x建筑结构@x结构分析@x简化@x分析方法 |
| 690 | @aTU31@v5 | |
| 701 | 0 | @a李从林@Ali cong lin@4著 |
| 701 | 0 | @a孙建琴@Asun jian qin@4著 |
| 801 | 0 | @aCN@b北京卓展@c20191020 |
| 905 | @b1211333-5@dTU31@e1578@f3 | |
| 现代大型建筑结构简化分析方法与应用/李从林, 孙建琴著.-北京:科学出版社,2019 |
| 308页:图;25cm |
| ISBN 978-7-03-060630-3:CNY130.00 |
| 本书论述现代大型建筑结构简化分析方法及其在不同结构分析中的应用, 全书共10章, 主要内容包括: 绪论 ; 连续-离散化方法 ; 越级单元方法 ; 解析超级单元方法在大型复杂建筑结构中的应用等。 |
| ● |
| 相关链接 |
|
|
|
|
正题名:现代大型建筑结构简化分析方法与应用
索取号:TU31/1578
 
预约/预借
| 序号 | 登录号 | 条形码 | 馆藏地/架位号 | 状态 | 备注 |
| 1 | 1211333 | 212113336 | 第二样本阅览室/ [索取号:TU31/1578] | 在馆 | |
| 2 | 1211334 | 212113345 | 第三借阅区/ [索取号:TU31/1578] | 在馆 | |
| 3 | 1211335 | 212113354 | 第三借阅区/ [索取号:TU31/1578] | 在馆 |